Полное собрание пьес. Т. 6: Сватовство по-деревенски | На мели | Шестеро из Кале | Простачок с Нежданных островов | Миллионерша | Новое окончание "Цимбелина" | Женева | В золотые дни доброго короля Карла | Миллиарды Байанта | Притчи о далеком будущем | Шекс против Шо | Почему она не пожелала (Запись № 7011125)
[ простой вид ]
| 000 -МАРКЕР | |
|---|---|
| контрольное поле | 01507nam2a22002411 4500 |
| 001 - ИДЕНТИФИКАТОР ЗАПИСИ | |
| контрольное поле | rc\1004655 |
| 005 - ИДЕНТИФИКАТОР ВЕРСИИ | |
| контрольное поле | 20250621233759.0 |
| 035 ## - ДРУГИЕ СИСТЕМНЫЕ НОМЕРА | |
| Идентификатор записи | (NLR Aleph) 005979252 |
| 100 ## - ДАННЫЕ ОБЩЕЙ ОБРАБОТКИ | |
| Данные общей обработки | 20070321d1981 |||y0rusy50 ca |
| 101 0# - ЯЗЫК РЕСУРСА | |
| Язык текста, звукозаписи и т.д. | русский |
| 102 ## - СТРАНА ПУБЛИКАЦИИ ИЛИ ПРОИЗВОДСТВА | |
| Страна публикации | Российская Федерация |
| 105 ## - ПОЛЕ КОДИРОВАННЫХ ДАННЫХ: ТЕКСТОВЫЕ МАТЕРИАЛЫ, МОНОГРАФИЧЕСКИЕ | |
| Кодированные данные о монографическом текстовом документе | a ||||||||| |
| 200 1# - ЗАГЛАВИЕ И СВЕДЕНИЯ ОБ ОТВЕТСТВЕННОСТИ | |
| Основное заглавие | Сватовство по-деревенски |
| -- | На мели |
| -- | Шестеро из Кале |
| -- | Простачок с Нежданных островов |
| -- | Миллионерша |
| -- | Новое окончание "Цимбелина" |
| -- | Женева |
| -- | В золотые дни доброго короля Карла |
| -- | Миллиарды Байанта |
| -- | Притчи о далеком будущем |
| -- | Шекс против Шо |
| -- | Почему она не пожелала |
| Первые сведения об ответственности | [Послесл. А.Г. Образцовой и др. |
| Последующие сведения об ответственности | Примеч. Г.М. Шейнмана] |
| 210 ## - ПУБЛИКАЦИЯ, РАСПРОСТРАНЕНИЕ И ДР. | |
| Дата издания, распространения и т.д. | 1981 |
| Место издания, распространения и т.д. | Б. м. |
| 215 ## - ФИЗИЧЕСКАЯ ХАРАКТЕРИСТИКА | |
| Специфическое обозначение материала и объем | 670 с. |
| Другие сведения о физической характеристике | портр. |
| 461 #0 - УРОВЕНЬ НАБОРА | |
| Встроенное поле | 001rc\1189572 |
| -- | 2001#$aПолное собрание пьес$eВ 6 т.$fБернард Шоу$g[Пер. с англ.] под общ. ред. А.А. Аникста и др.$vТ. 6 |
| -- | 700#1$aШоу$bБ.$f1856-1950$gБернард$3RU\NLR\AUTH\772432 |
| Системный номер (АБИС) связанной записи | 6963395 |
| Автор | Шоу, Б. (1856-1950) |
| Место публикации | Л. |
| Дата публикации | 1980 |
| Первые сведения об ответственности | Бернард Шоу |
| Имя издателя, распространителя и т.д. | Искусство. Ленингр. отд-ние |
| Сведения, относящиеся к заглавию | В 6 т. |
| Заглавие | Полное собрание пьес |
| Номер тома | Т. 6 |
| 801 #0 - ИСТОЧНИК ЗАПИСИ | |
| Страна | Российская Федерация |
| Организация | NLR |
| Правила каталогизации | psbo |
| 801 #1 - ИСТОЧНИК ЗАПИСИ | |
| Страна | Российская Федерация |
| Организация | ELAR |
| Источник данных | rusmarc |
| 852 ## - МЕСТОНАХОЖДЕНИЕ И ШИФР ХРАНЕНИЯ | |
| Идентификатор организации | NLR |
| Шифр хранения (Call Number) | 78-3/9078 |
| 942 ## - ДОПОЛНИТЕЛЬНЫЕ ЭЛЕМЕНТЫ ЗАПИСИ (АБИС) | |
| Тип экземпляра АБИС | Книга |
| 980 ## - КОЛЛЕКЦИЯ | |
| Название коллекции | Национальная библиография |
| Тип экземпляра | Дата поступления | Библиотека постоянного хранения | Библиотека текущего хранения | Место хранения | Шифр хранения | Штрих-код | Статус экземпляра | Стоимость | Источник поступления |
|---|---|---|---|---|---|---|---|---|---|
| Книга | 26.10.2013 | РНБ (Московский) | РНБ (Московский) | Русский книжный фонд: издания с 1957 года | 78-3/9078 | 5979252-10 | |||
| Книга | 20.02.2014 | РНБ (Московский) | РНБ (Московский) | Фонд общего зала литературы по филологии, педагогике и искусству (гуманитарной литературы) | Л1 Ш6(4Вл)/Ш-810 | 1-366620 | 3.00 | ||
| Книга | 13.04.2014 | РНБ (Садовая) | РНБ (Садовая) | Фонд научного зала литературы и искусства | Нз Ш6(4Вл)/Ш-810 | 1-428573 | Подсобные фонды РНБ | ||
| Книга | 24.09.2015 | РНБ (Фонтанка) | РНБ (Фонтанка) | Юношеский читальный зал | Ю И(Англ.)/Ш-81 | 1-1004731 | Источник неизвестен |